[Event "DEM U10/U10w 2013"]
[Site "Oberhof GER"]
[Date "2013.05.22"]
[Round "6"]
[White "Straßburg, Robin"]
[Black "Huppert, Anna"]
[Result "1-0"]
[Termination "normal"]
[Board "46"]
[WhiteElo "911"]
[BlackElo "793"]
[PlyCount "73"]
[WhiteFideId "16210018"]
[BlackFideId "16214439"]
[EventCountry "GER"]
[EventRounds "11"]
[EventType "swiss"]
[EventDate "2013.05.18"]

1. e4 e5 2. Nf3 Nc6 3. Bb5 a6 4. Bxc6 dxc6 5. O-O Bg4 6. h3 Bxf3 7. Qxf3 Nf6 8.
d3 Bc5 9. Bg5 Be7 10. Nc3 O-O 11. Qf5 g6 12. Qf3 Nh5 13. Bxe7 Qxe7 14. Ne2 Qh4
15. Qe3 Nf4 16. Rad1 Qg5 17. Qf3 f5 18. Ng3 fxe4 19. Nxe4 Qh6 20. Qg4 Rf5 21.
Rde1 Raf8 22. Re3 Rh5 23. Rfe1 Rff5 24. Rf3 Rfg5 25. Qc8+ Kf7 26. Nxg5+ Qxg5
27. Qd7+ Kf8 28. Rg3 Qh4 29. d4 Rg5 30. Rxg5 Qxg5 31. g3 Nh5 32. Rxe5 Qc1+ 33.
Kg2 Nf6 34. Qe7+ Kg8 35. Qxf6 h5 36. Qxg6+ Kf8 37. Re8# 1-0

[Event "DEM U10/U10w 2013"]
[Site "Oberhof GER"]
[Date "2013.05.22"]
[Round "6"]
[White "Rizo Wellmann, Darja"]
[Black "Zell, Hannah"]
[Result "1-0"]
[Termination "normal"]
[Board "47"]
[WhiteElo "956"]
[BlackElo "723"]
[PlyCount "83"]
[WhiteFideId "16218361"]
[BlackFideId "16208900"]
[EventCountry "GER"]
[EventRounds "11"]
[EventType "swiss"]
[EventDate "2013.05.18"]

1. e4 e5 2. Nf3 Nc6 3. Bc4 Bc5 4. c3 Nf6 5. d4 Bd6 6. O-O O-O 7. Bg5 h6 8. Bh4
Qe7 9. Nbd2 a6 10. Nb3 b5 11. Bd3 Qe6 12. d5 Qg4 13. dxc6 dxc6 14. Bxf6 Qg6 15.
Bxe5 Bh3 16. Nh4 Qg5 17. Re1 Qxh4 18. Bxd6 cxd6 19. Qf3 Bg4 20. Qg3 Qg5 21. h3
h5 22. hxg4 hxg4 23. e5 Rad8 24. e6 fxe6 25. Rxe6 Rfe8 26. Rg6 Qh5 27. Rxg4 Re7
28. Rh4 Qd5 29. Bh7+ Kf8 30. Bg6 Qg8 31. Qf3+ Rf7 32. Bxf7 Qxf7 33. Rf4 Rd7 34.
Rxf7+ Rxf7 35. Qh5 g6 36. Qh8+ Ke7 37. Re1+ Kd7 38. Qe8+ Kc7 39. Qxf7+ Kb6 40.
Re7 a5 41. Ra7 c5 42. Qb7# 1-0